Ekológia trávneho porastu zborník abstraktov : medzinárodná vedecká konferencia ... a životného jubilea prof. Vladimíra Krajčoviča VII

Bibliographic Details
Corporate Author: Ekológia trávneho porastu Banská Bystrica, Slovensko
Other Authors: Krajčovič, Vladimír, 1922-2015 (Editor)
Format: Conference Proceeding Book
Language:English
Slovak
PhysicalDescription:91 s. 21 cm
Published: Banská Bystrica SCPV - Výskumný ústav trávnych porastov a horského poľnohospodárstva 2007
ISBN:9788088872689 (brož.)
Edition:[1. vyd.]
Subjects:

MARC

LEADER 00000nam a2200000 a 4500
001 vtls009183549
003 SK-MaSNL
005 20260301081451.0
008 160610s2007 xo f 101 0 eng
015 |a SNBA2008/02-00826 
020 |a 9788088872689 (brož.) 
035 |a BBE9C2E0-0BE7-4E3F-8F6B-E9F5E8961B12 
035 |a urn:nbn:sk:snk-aml0kz 
035 |a urn:nbn:sk:snk-am008npo 
040 |a SNK  |b slo  |c SNK  |e AACR2 
041 0 |a eng  |a slo 
044 |a xo  |c SK 
072 7 |a 633  |x Rastlinná výroba  |2 konspekt 
072 7 |a 574  |x Všeobecná ekológia  |2 konspekt 
080 |a 633.2  |2 2001 
080 |a 574.3/.5:633.2.03  |2 2001 
080 |a 633.2.033  |2 2001 
080 |a 574  |2 2001 
080 |a 574.4/.5  |2 2001 
080 |a (048.3)  |2 2001 
080 |a (062.534)  |2 2001 
111 2 |a Ekológia trávneho porastu  |n (7. :  |d 2007 :  |c Banská Bystrica, Slovensko)  |9 111788 
245 1 0 |a Ekológia trávneho porastu  |b zborník abstraktov : medzinárodná vedecká konferencia ... a životného jubilea prof. Vladimíra Krajčoviča  |c [editor: Vladimír Krajčovič]  |n VII 
246 1 1 |a Grassland ecology 
250 |a [1. vyd.] 
260 |a Banská Bystrica  |b SCPV - Výskumný ústav trávnych porastov a horského poľnohospodárstva  |c 2007 
300 |a 91 s.  |c 21 cm 
366 |e Knižné vyd. viaz.: 110 výt. ; v CD-ROM: 80 výt. 
504 |a Reg. 
546 |a Čiast. text slov. 
650 0 7 |a trávne porasty  |2 SNKPH  |9 3678 
650 0 7 |a lúčne ekosystémy  |2 SNKPH  |9 3684 
650 0 7 |a pasienky  |2 SNKPH  |9 15081 
650 0 7 |a ekológia  |2 SNKPH  |9 785 
650 0 7 |a ekosystémy  |2 SNKPH  |9 3902 
655 7 |a abstrakty  |2 SNKPH  |9 22516 
655 7 |a zborníky konferencií  |2 SNKPH  |9 70153 
700 1 |a Krajčovič, Vladimír,  |d 1922-2015  |4 edt  |4 hnr  |9 111789 
919 |a 978-80-88872-68-9 
958 |a NB 
958 |a OND 
968 |d 63 
999 |c 655970  |d 657900 
952 |a SNK  |b SNK  |y PREZ  |7 0  |p 17A0580002  |o snkSC 130845  |i snk2008/3739  |8 0  |0 0  |1 0  |4 0  |d 2008-02-14  |f 1  |l 0  |r 2025-06-19 00:00:00  |w 2026-02-23 
952 |a SNK  |b SNK  |y VYP  |7 0  |p 17A0580003  |o snkSC 130845 D1  |i snk2008/3740  |8 0  |0 0  |1 0  |4 0  |d 2008-02-14  |l 0  |r 2026-02-23 18:36:34  |w 2026-02-23